header

The Magic Kingdom (Record no. 57944)

MARC details
000 -LEADER
fixed length control field 01459nam a2200361 a 4500
082 04 - DEWEY DECIMAL CLASSIFICATION NUMBER
Classification number 791.43/092
-- B
100 1# - MAIN ENTRY--AUTHOR NAME
Personal name Watts, Steven,
245 14 - TITLE STATEMENT
Title The Magic Kingdom
260 ## - PUBLICATION, DISTRIBUTION, ETC. (IMPRINT)
Place of publication Columbia, Mo. :
Name of publisher University of Missouri Press,
Year of publication 2001.
300 ## - PHYSICAL DESCRIPTION
Number of Pages xxi, 526 p. :
Other physical details ill.
500 ## - GENERAL NOTE
General note Originally published: Boston : Houghton Mifflin, 1997.
650 #0 - SUBJECT ADDED ENTRY--TOPICAL TERM
Topical Term Animators
856 40 - ELECTRONIC LOCATION AND ACCESS
Uniform Resource Identifier http://site.ebrary.com/lib/rucke/Doc?id=10676074

No items available.

© 2026 Rongo University
Contact us: librarian | system librarian | Rongo university